<?xml version="1.0" encoding="UTF-8"?><?xml-stylesheet type="text/xsl" href="static/style.xsl"?><OAI-PMH xmlns="http://www.openarchives.org/OAI/2.0/" xmlns:xsi="http://www.w3.org/2001/XMLSchema-instance" xsi:schemaLocation="http://www.openarchives.org/OAI/2.0/ http://www.openarchives.org/OAI/2.0/OAI-PMH.xsd"><responseDate>2026-06-06T19:09:44Z</responseDate><request verb="GetRecord" identifier="oai:riuma.uma.es:10630/19007" metadataPrefix="marc">https://riuma.uma.es/rest/oai/request</request><GetRecord><record><header><identifier>oai:riuma.uma.es:10630/19007</identifier><datestamp>2026-02-03T11:13:57Z</datestamp><setSpec>com_10630_2254</setSpec><setSpec>col_10630_37953</setSpec></header><metadata><record xmlns="http://www.loc.gov/MARC21/slim" xmlns:dcterms="http://purl.org/dc/terms/" xmlns:doc="http://www.lyncode.com/xoai" xmlns:xsi="http://www.w3.org/2001/XMLSchema-instance" xsi:schemaLocation="http://www.loc.gov/MARC21/slim http://www.loc.gov/standards/marcxml/schema/MARC21slim.xsd">
   <leader>00925njm 22002777a 4500</leader>
   <datafield ind2=" " ind1=" " tag="042">
      <subfield code="a">dc</subfield>
   </datafield>
   <datafield ind2=" " ind1=" " tag="720">
      <subfield code="a">Aguadero-Miguel, Ramón</subfield>
      <subfield code="e">author</subfield>
   </datafield>
   <datafield ind2=" " ind1=" " tag="260">
      <subfield code="c">2019</subfield>
   </datafield>
   <datafield ind2=" " ind1=" " tag="520">
      <subfield code="a">Acuerdo entre el Estado Novo y la iglesia católica convirtió a la enseñanza misionera en las colonias portuguesas en un instrumento ideológico al servicio de los intereses de la metrópoli. Los Misioneros de África llegan a Mozambique en 1946 como consecuencia de ese acuerdo. La presente comunicación es una aproximación a sus opciones pastorales y educativas, que se constituyeron en crítica social y política del régimen portugués, y que tuvieron como protagonistas a misioneros belgas, y también de otras nacionalidades, que en algún momento de su vida académica realizaron estudios en el escolasticado de Héverlé y/o en la universidad de Lovaina. Ello nos permite exponer su ruptura consciente con el papel subordinado de la evangelización a los intereses coloniales y las consecuencias que trajo en el orden social, religioso y político.</subfield>
   </datafield>
   <datafield ind1="8" ind2=" " tag="024">
      <subfield code="a">https://hdl.handle.net/10630/19007</subfield>
   </datafield>
   <datafield tag="653" ind2=" " ind1=" ">
      <subfield code="a">Educación-Historia-Mozambique</subfield>
   </datafield>
   <datafield tag="653" ind2=" " ind1=" ">
      <subfield code="a">Enseñanza-Historia-Mozambique</subfield>
   </datafield>
   <datafield ind2="0" ind1="0" tag="245">
      <subfield code="a">La enseñanza indígena en Mozambique durante el Estado Novo: una aproximación desde Bélgica al papel disidente de los Misioneros de África</subfield>
   </datafield>
</record>
</metadata></record></GetRecord></OAI-PMH>